| 000 | 00552nam a2200205Ia 4500 | ||
|---|---|---|---|
| 003 | OSt | ||
| 005 | 20230603105409.0 | ||
| 008 | 210423s2007 xx 000 0 und d | ||
| 040 | _cAL | ||
| 041 | _aeng | ||
| 082 |
_a305.56 _223 _bKUMD |
||
| 100 |
_aKUMAR (Narendra) _9119153 |
||
| 245 | _aDalit leadership in panchayats | ||
| 260 |
_aNew Delhi _bKanishka Publishers Distributors _c2007 |
||
| 365 |
_b525 _cINR |
||
| 650 |
_aSocial Classes _9119154 |
||
| 650 |
_aSociology _9119155 |
||
| 906 | _aDalit ; leadership ; panchayats | ||
| 942 |
_2ddc _cBK |
||
| 999 |
_c174824 _d174824 |
||